000 00743nam a2200241Ia 4500
003 OSt
005 20220926012141.0
006 a|||||r|||| 00| 0
007 ta
008 220923b |||||||| |||| 00| 0 eng d
020 _a978 1 845 20 498 3
_c1532.9000000000001
037 _b342921262, 14/03/2012, Segment Book Distrobutors
_cGeneral Book
040 _aRTL
_cRTL
_beng
041 _2eng
_aeng
082 _aY7b4.42, P6
100 _aMoeran Brian
_9315622
245 0 _aEthnography at work
260 _aNew York
_bBerg
_c2006
300 _axi,152p.
_ccm.
650 _aSociology
942 _hY7b4.42, P6
_cGB
_2CC
999 _c621897
_d621897